00619nam a22001817a 450000500170000000800410001704000070005804100120006508200210007710000130009824501550011126000410026630000260030744000320033365000400036565000170040570000150042220221219124240.0221213b ||||| |||| 00| 0 eng d cAL aEnglish 223a365.45bJAII aM C Jain aInterim Report of the Commission of Inquiry On the Assassination of Shri Rajiv Gandhi Former Prime Minister of India On 21st May 1991 At Sriperumbudur aIndiac1997bPrime Minister of India a404 p.bPBc28x21 cm. aVolume X Annexures 24 to 81 aAssassination of Shri Rajiv Gandhi  aRajiv Gandhi aJAIN (M C)